MARC

LEADER 00000nam0a2200000 4500
001 30940
005 20231030204216.0
010 |a 5774902382 
035 |a (RuTPU)RU\TPU\book\31216 
035 |a BOOK00000003 
090 |a 30940 
100 |a 20011209d2001 u y0rusy50 ca 
101 0 |a rus 
102 |a RU 
105 |a  000|y 
200 1 |a Деньги и экономические решения  |f А. М. Матлин 
210 |a Москва  |c Дело  |d 2001 
215 |a 271 с. 
610 1 |a экономика 
610 1 |a финансы 
610 1 |a деньги 
610 1 |a свойства 
610 1 |a национальные деньги 
610 1 |a покупательная способность 
610 1 |a девальвация 
610 1 |a инфляция 
610 1 |a денежное обращение 
610 1 |a денежные сурогаты 
610 1 |a сбережения 
610 1 |a инвестиции 
610 1 |a кредиты 
610 1 |a валюты 
610 1 |a валютные курсы 
686 |a У9(2)262.6  |v LBC/SL-A  |2 rubbk 
700 1 |a Матлин  |g Анатолий Михайлович 
801 0 |a RU  |b 63413507  |c 20011209  |g PSBO 
801 2 |a RU  |b 63413507  |c 20230620  |g PSBO 
942 |c BK